000 00475nam a22001577a 4500
005 20251108165254.0
008 250721s1996 xx 000 0 ara d
082 1 4 _a923.1/صلا
100 1 _aالصلال، عايدة
245 1 0 _aالخليفه العادل عمر بن عبد العزيز /
264 1 _aعمان :
_bدارل الاسراء للنشر و التوزيع،
_c1996.
300 _a88ص
650 1 7 _aالتراجم
942 _2ddc
_cBK
999 _c23795
_d23795